Sirotní důchody Sociální finance. 5

Sociálne zabezpečenie pozostalých. Sirotské dôchodky. Príplatky vdovám a vdovcom. Moderné koncepcie sirotského dôchodku: odvodené z originálneho dôchodku a univerzálne sirotské dôchodky.

Salvato in:
Dettagli Bibliografici
Autore principale: Vostatek, Jaroslav
Natura: Capitolo di libro
Lingua:ceco
Soggetti:
Tags: Aggiungi Tag
Nessun Tag, puoi essere il primo ad aggiungerne!!

MARC

LEADER 00000naa a2200000 4500
001 r026180
005 20230920093625.8
041 0 |a cze 
044 |a CZ 
245 1 0 |a Sirotní důchody  |b Sociální finance. 5  |c J. Vostatek 
520 |a Sociálne zabezpečenie pozostalých. Sirotské dôchodky. Príplatky vdovám a vdovcom. Moderné koncepcie sirotského dôchodku: odvodené z originálneho dôchodku a univerzálne sirotské dôchodky. 
610 2 0 |a zabezpečenie sociálne 
610 2 0 |a poistenie sociálne 
610 2 0 |a dôchodky sociálne 
100 1 |a Vostatek, Jaroslav